Normal view
MARC view
Entry Personal Name
001 - CONTROL NUMBER
- control field: 15068
003 - CONTROL NUMBER IDENTIFIER
- control field: OSt
005 - DATE AND TIME OF LATEST TRANSACTION
- control field: 20211008105708.0
008 - FIXED-LENGTH DATA ELEMENTS
- fixed length control field: 211008|| aca||aabn | a|a d
040 ## - CATALOGING SOURCE
- Original cataloging agency: OSt
- Transcribing agency: OSt
100 ## - HEADING--PERSONAL NAME
- Personal name: Jaques, H. E.
- Fuller form of name: (Harry Edwin),
- Dates associated with a name: 1880-1963,
- Relator term: joint author.
670 ## - SOURCE DATA FOUND
- Source citation: Work cat.: (OSt)0: Bland,Roger G., Jaques H.E.; 15066, How to know the insects., c1978.
